Statistiken für Top 15 Länder mit Covid-19-Todesfällen - 14. Dezember

Klicken Sie hier um das Quiz zu spielen!

Allgemein

  • Dieses Quiz wurde 9 mal gespielt
  • Das Durchschnittsergebnis liegt bei 15 aus 21

Antwortstatistiken

Land% Korrekt
Frankreich
100%
Indien
100%
Italien
100%
Russland
100%
Spanien
100%
Vereinigte Staaten
100%
Brasilien
89%
Iran
89%
Polen
89%
Vereinigtes Königreich
89%
Argentinien
78%
Mexiko
78%
Tschechien
78%
Belgien
67%
Kolumbien
67%
Peru
67%
Südafrika
56%
Armenien
22%
Bosnien und
Herzegowina
22%
Nordmazedonien
22%
Slowenien
22%

Verteilung der Resultate

Perzentil nach korrekt beantworteten Fragen

Anzahl Personen mit jedem Resultat

Ihre Resultats-Entwicklung

Sie haben dieses Quiz noch nicht gespielt